Every 2024-25 NHL Player - Statistics

General Stats
  • This quiz has been taken 603 times
    598 since last reset
  • The average score is 269 of 1011
Answer Stats
Team Games Played Player Name % Correct
EDM 67 Connor McDavid
86%
EDM 71 Leon Draisaitl
84%
PIT 80 Sidney Crosby
84%
OTT 71 Brady Tkachuk
80%
NJD 62 Jack Hughes
80%
MIN 46 Joel Eriksson Ek
80%
NJD 71 Luke Hughes
80%
FLA 52 Matthew Tkachuk
80%
VAN 68 Quinn Hughes
80%
COL 79 Nathan MacKinnon
79%
TOR 67 Auston Matthews
78%
DAL 32 Brendan Smith
78%
NSH 71 Cole Smith
78%
CHI 82 Connor Bedard
78%
DET 59 Craig Smith
78%
PHI 13 Givani Smith
78%
NYR 22 Nicolas Aube-Kubel
78%
VGK 79 Reilly Smith
78%
CAR 8 Ty Smith
78%
SJS 74 Will Smith
78%
PIT 82 Erik Karlsson
77%
VGK 53 William Karlsson
77%
FLA 71 Brad Marchand
76%
CGY 64 Jake Bean
76%
TOR 81 Mitch Marner
75%
MTL 82 Nick Suzuki
75%
DET 72 Patrick Kane
75%
CAR 2 Ryan Suzuki
75%
COL 80 Cale Makar
74%
SJS 70 Macklin Celebrini
74%
ANA 54 Trevor Zegras
74%
EDM 72 Jeff Skinner
73%
EDM 51 Stuart Skinner
73%
PIT 68 Evgeni Malkin
72%
WSH 65 Alex Ovechkin
71%
SJS 31 Jack Thompson
71%
WSH 43 Logan Thompson
71%
DAL 82 Mikko Rantanen
71%
BUF 75 Tage Thompson
71%
VAN 28 | 64 Elias Pettersson
70%
VAN 78 Marcus Pettersson
70%
CAR 79 Sebastian Aho
70%
TOR 5 Alexander Nylander
69%
TOR 82 William Nylander
69%
MTL 82 Cole Caufield
68%
BOS 82 David Pastrnak
68%
FLA 67 Aleksander Barkov
67%
WPG 60 Colin Miller
67%
NYR 72 JT Miller
67%
NYR 74 K'Andre Miller
67%
ANA 76 Leo Carlsson
67%
SJS 13 Lucas Carlsson
66%
BOS 58 Jeremy Swayman
65%
WPG 82 Kyle Connor
65%
CGY 81 Rasmus Andersson
65%
BUF 73 Rasmus Dahlin
65%
EDM 78 Ryan Nugent-Hopkins
65%
VGK 77 Jack Eichel
63%
FLA 54 Sergei Bobrovsky
63%
DAL 82 Jason Robertson
62%
NYR 2 Matthew Robertson
62%
TOR 69 Nicholas Robertson
62%
NSH 82 Steven Stamkos
62%
CHI 18 Joey Anderson
61%
MIN 41 Kirill Kaprizov
61%
LAK 77 Mikey Anderson
61%
TBL 78 Nikita Kucherov
61%
LAK 81 Anze Kopitar
60%
SEA 14 Cale Fleury
60%
WPG 63 Connor Hellebuyck
60%
WPG 39 Haydn Fleury
60%
TOR 75 John Tavares
60%
MTL 81 Josh Anderson
60%
MIN 26 Marc-Andre Fleury
60%
FLA 63 Seth Jones
60%
MIN 26 Ben Jones
59%
TBL 77 Brayden Point
59%
LAK 6 Caleb Jones
59%
COL 36 Erik Johnson
59%
NSH 58 Juuse Saros
59%
EDM 26 Max Jones
59%
NYR 46 Zachary Jones
59%
NYR 80 Artemi Panarin
58%
OTT 17 Cole Reinhardt
58%
EDM 76 Darnell Nurse
58%
CBJ 41 Jack Johnson
58%
ANA 29 John Gibson
58%
CBJ 68 Kent Johnson
58%
MTL 82 Lane Hutson
58%
EDM 2 Quinn Hutson
58%
TOR 3 Reese Johnson
58%
BUF 3 Ryan Johnson
58%
DAL 20 Tyler Seguin
58%
TBL 62 Andrei Vasilevskiy
57%
DET 82 Dylan Larkin
57%
OTT 43 Linus Ullmark
57%
NSH 53 Roman Josi
57%
FLA 76 Sam Bennett
57%
FLA 79 Sam Reinhart
57%
CBJ 79 Zach Werenski
57%
BOS 50 Charlie McAvoy
56%
COL 76 Devon Toews
56%
EDM 82 Evan Bouchard
56%
PIT 74 Kris Letang
56%
VGK 66 Mark Stone
56%
CGY 82 Nazem Kadri
56%
NJD 75 Nico Hischier
56%
TBL 79 Victor Hedman
56%
EDM 73 Zach Hyman
56%
OTT 30 Anton Forsberg
55%
SJS 11 Cameron Lund
55%
WSH 82 Dylan Strome
55%
NSH 82 Filip Forsberg
55%
DAL 50 Miro Heiskanen
55%
DAL 76 Roope Hintz
55%
ANA 82 Ryan Strome
55%
CAR 82 Brent Burns
54%
UTA 81 Clayton Keller
54%
EDM 81 Corey Perry
54%
DAL 58 Jake Oettinger
54%
ANA 54 Lukas Dostal
54%
MTL 52 Patrik Laine
54%
FLA 56 Aaron Ekblad
53%
CAR 72 Andrei Svechnikov
53%
LAK 30 Drew Doughty
53%
NYR 61 Igor Shesterkin
53%
STL 56 Jordan Binnington
53%
TOR 41 Joseph Woll
53%
MTL 79 Juraj Slafkovsky
53%
BUF 79 Owen Power
53%
OTT 82 Tim Stutzle
53%
VGK 50 Adin Hill
52%
LAK 81 Adrian Kempe
52%
LAK 25 Akil Thomas
52%
WSH 79 John Carlson
52%
CGY 81 Jonathan Huberdeau
52%
COL 79 Martin Necas
52%
DET 82 Moritz Seider
52%
STL 70 Robert Thomas
52%
WSH 79 Tom Wilson
52%
OTT 81 Claude Giroux
51%
EDM 82 Connor Brown
51%
NJD 49 Jacob Markstrom
51%
EDM 10 Josh Brown
51%
COL 56 MacKenzie Blackwood
51%
MIN 77 Marcus Foligno
51%
WPG 82 Mark Scheifele
51%
ANA 76 Mason McTavish
51%
EDM 65 Mattias Ekholm
51%
CHI 78 Nick Foligno
51%
TOR 77 Oliver Ekman-Larsson
51%
BOS 15 Patrick Brown
51%
MTL 62 Sam Montembeault
51%
BUF 55 Ukko-Pekka Luukkonen
51%
CBJ 79 Zach Aston-Reese
51%
CGY 51 Dustin Wolf
50%
NYI 61 Ilya Sorokin
50%
TBL 80 Jake Guentzel
50%
NYR 80 Mika Zibanejad
50%
ANA 43 Ross Johnston
50%
CAR 73 Seth Jarvis
50%
DAL 82 Wyatt Johnston
50%
TOR 34 Anthony Stolarz
49%
COL 80 Brock Nelson
49%
EDM 36 Calvin Pickard
49%
BOS 82 Elias Lindholm
49%
CAR 22 Frederik Andersen
49%
BOS 17 Hampus Lindholm
49%
DET 82 Lucas Raymond
49%
ANA 81 Radko Gudas
49%
NJD 64 Dougie Hamilton
48%
ANA 74 Jacob Trouba
48%
NJD 81 Jesper Bratt
48%
NYI 30 Mathew Barzal
48%
CAR 77 Taylor Hall
48%
VAN 23 Thatcher Demko
48%
SJS 76 Tyler Toffoli
48%
NYR 74 Adam Fox
47%
VAN 75 Brock Boeser
47%
LAK 81 Kevin Fiala
47%
TOR 78 Matthew Knies
47%
NYI 71 Noah Dobson
47%
NSH 79 Ryan O'Reilly
47%
CHI 38 Spencer Knight
47%
CBJ 82 Adam Fantilli
46%
BUF 79 Alex Tuch
46%
MIN 78 Brock Faber
46%
LAK 50 Darcy Kuemper
46%
PHI 80 Matvei Michkov
46%
LAK 81 Quinton Byfield
46%
NJD 80 Timo Meier
46%
PHI 82 Travis Konecny
46%
ANA 77 Troy Terry
46%
FLA 79 Anton Lundell
45%
SEA 79 Kaapo Kakko
45%
MIN 82 Matt Boldy
45%
WPG 69 Nikolaj Ehlers
45%
BOS 81 Pavel Zacha
45%
PIT 36 Tristan Jarry
45%
STL 82 Brayden Schenn
44%
DAL 80 Esa Lindell
44%
NSH 78 Jonathan Marchessault
44%
EDM 67 Kasperi Kapanen
44%
WPG 76 Luke Schenn
44%
TOR 74 Max Domi
44%
DAL 83 Mikael Granlund
44%
MTL 18 Oliver Kapanen
44%
DET 82 Alex DeBrincat
43%
COL 69 Artturi Lehkonen
43%
NYI 81 Bo Horvat
43%
NYR 68 Chris Kreider
43%
MIN 58 Filip Gustavsson
43%
COL 23 Scott Wedgewood
43%
MTL 70 Arber Xhekaj
42%
TOR 83 Brandon Carlo
42%
TBL 82 Brandon Hagel
42%
PIT 71 Bryan Rust
42%
NYI 32 Matt Martin
42%
TOR 82 Morgan Rielly
42%
CAR 9 Spencer Martin
42%
WPG 79 Brandon Tanev
41%
DAL 27 Casey DeSmith
41%
TOR 75 Chris Tanev
41%
FLA 80 Gustav Forsling
41%
CAR 80 Jaccob Slavin
41%
NYR 24 Jonathan Quick
41%
STL 82 Jordan Kyrou
41%
CAR 75 Jordan Staal
41%
WPG 80 Josh Morrissey
41%
SEA 62 Vince Dunn
41%
SJS 77 William Eklund
41%
NYR 82 Alexis Lafreniere
40%
WSH 39 Charlie Lindgren
40%
SJS 3 Colin White
40%
OTT 82 Dylan Cozens
40%
MTL 2 Ivan Demidov
40%
NJD 31 Jake Allen
40%
OTT 80 Jake Sanderson
40%
BUF 77 John-Jason Peterka
40%
SEA 42 Jordan Eberle
40%
UTA 75 Logan Cooley
40%
NYR 42 Matt Rempe
40%
UTA 77 Mikhail Sergachev
40%
EDM 2 Olivier Rodrigue
40%
COL 72 Ryan Lindgren
40%
NYI 82 Anders Lee
39%
LAK 19 Andre Lee
39%
TBL 80 Anthony Cirelli
39%
MIN 82 Frederick Gaudreau
39%
MTL 82 Jake Evans
39%
MTL 16 Jakub Dobes
39%
DAL 62 Mason Marchment
39%
DAL 82 Matt Duchene
39%
TOR 35 Ryan Reaves
39%
CHI 82 Tyler Bertuzzi
39%
SEA 82 Adam Larsson
38%
NSH 82 Brady Skjei
38%
COL 83 Charlie Coyle
38%
DAL 85 Cody Ceci
38%
BUF 9 Devon Levi
38%
BOS 27 Joonas Korpisalo
38%
BUF 56 Joshua Norris
38%
SEA 82 Matthew Beniers
38%
SEA 73 Ryker Evans
38%
DAL 78 Thomas Harley
38%
VGK 71 Alex Pietrangelo
37%
NYR 47 Calvin de Haan
37%
ANA 82 Cutter Gauthier
37%
CHI 53 Frank Nazar
37%
MIN 66 Jared Spurgeon
37%
COL 43 Jonathan Drouin
37%
NYI 1 Julien Gauthier
37%
CAR 78 Logan Stankoven
37%
VGK 71 Nicolas Roy
37%
DET 38 Petr Mrazek
37%
PHI 79 Sean Couturier
37%
VGK 67 Shea Theodore
37%
CHI 82 Teuvo Teravainen
37%
STL 68 Cam Fowler
36%
UTA 82 Ian Cole
36%
SEA 82 Jared McCann
36%
MTL 12 Joshua Roy
36%
DET 73 Justin Holl
36%
CBJ 79 Kirill Marchenko
36%
WSH 69 Matt Roy
36%
MTL 80 Mike Matheson
36%
DET 80 Vladimir Tarasenko
36%
CBJ 26 Boone Jenner
35%
MTL 82 Brendan Gallagher
35%
STL 64 Colton Parayko
35%
TBL 52 Conor Geekie
35%
CGY 79 MacKenzie Weegar
35%
NYI 18 Mike Reilly
35%
BOS 77 Morgan Geekie
35%
TOR 36 Philippe Myers
35%
SEA 26 Philipp Grubauer
35%
WSH 82 Pierre-Luc Dubois
35%
VAN 71 Tyler Myers
35%
WPG 73 Adam Lowry
34%
BUF 82 Bowen Byram
34%
CHI 25 Colton Dach
34%
WSH 82 Connor McMichael
34%
VAN 81 Conor Garland
34%
CGY 29 Dan Vladar
34%
CBJ 53 Elvis Merzlikins
34%
VAN 61 Filip Hronek
34%
SEA 57 Joey Daccord
34%
MTL 57 Kirby Dach
34%
MIN 82 Marco Rossi
34%
CBJ 54 Sean Monahan
34%
VGK 73 Tomas Hertl
34%
LAK 71 Trevor Moore
34%
VGK 5 Akira Schmid
33%
SJS 49 Alexandar Georgiev
33%
LAK 78 Brandt Clarke
33%
NJD 82 Dawson Mercer
33%
OTT 82 Drake Batherson
33%
UTA 70 Dylan Guenther
33%
FLA 82 Evan Rodrigues
33%
ANA 3 Ian Moore
33%
BUF 74 Jack Quinn
33%
PHI 70 Jamie Drysdale
33%
MIN 68 Mats Zuccarello
33%
CGY 76 Mikael Backlund
33%
BOS 80 Nikita Zadorov
33%
CHI 9 Oliver Moore
33%
STL 76 Pavel Buchnevich
33%
VAN 81 Pius Suter
33%
PIT 81 Rickard Rakell
33%
STL 82 Ryan Suter
33%
PHI 82 Travis Sanheim
33%
EDM 58 Trent Frederic
33%
EDM 67 Viktor Arvidsson
33%
MTL 79 Alexandre Carrier
32%
NJD 72 Brett Pesce
32%
CAR 76 Dmitry Orlov
32%
VAN 84 Drew O'Connor
32%
EDM 65 Jake Walman
32%
WSH 74 Jakob Chychrun
32%
MTL 55 Kaiden Guhle
32%
COL 80 Logan O'Connor
32%
NJD 77 Ondrej Palat
32%
OTT 80 Thomas Chabot
32%
ANA 13 Ville Husso
32%
NYR 80 Vincent Trocheck
32%
CAR 43 William Carrier
32%
ANA 82 Alex Killorn
31%
FLA 79 Carter Verhaeghe
31%
OTT 84 Fabian Zetterlund
31%
VAN 82 Jake DeBrusk
31%
UTA 57 Karel Vejmelka
31%
VAN 51 Kevin Lankinen
31%
CGY 81 Morgan Frost
31%
STL 68 Philip Broberg
31%
NJD 27 Simon Nemec
31%
TBL 57 Yanni Gourde
31%
DET 61 Albert Johansson
30%
DET 30 Alex Lyon
30%
CHI 80 Alex Vlasic
30%
WSH 76 Aliaksei Protas
30%
LAK 66 Andrei Kuzmenko
30%
VAN 10 Artur Silovs
30%
VGK 29 Ilya Samsonov
30%
MTL 81 Joel Armia
30%
TBL 19 Jonas Johansson
30%
SJS 25 Marc-Edouard Vlasic
30%
MIN 72 Marcus Johansson
30%
STL 29 Matthew Kessel
30%
NSH 6 Matthew Wood
30%
COL 36 Miles Wood
30%
WPG 69 Neal Pionk
30%
TBL 76 Nick Paul
30%
WSH 82 Rasmus Sandin
30%
OTT 70 Shane Pinto
30%
SEA 78 Shane Wright
30%
BUF 75 Zach Benson
30%
OTT 55 Artyom Zub
29%
TOR 74 Bobby McMann
29%
SEA 81 Brandon Montour
29%
WPG 36 David Gustafsson
29%
STL 77 Dylan Holloway
29%
WPG 20 Eric Comrie
29%
DET 60 Erik Gustafsson
29%
TOR 66 Jake McCabe
29%
CAR 78 Jesperi Kotkaniemi
29%
OTT 50 Nick Cousins
29%
VGK 80 Noah Hanifin
29%
TBL 79 Oliver Bjorkstrand
29%
COL 73 Samuel Girard
29%
NYI 10 Semyon Varlamov
29%
SJS 13 Yaroslav Askarov
29%
EDM 81 Adam Henrique
28%
PIT 38 Alex Nedeljkovic
28%
MTL 82 Alex Newhook
28%
NYI 44 Anthony Duclair
28%
BUF 3 Brett Murray
28%
WPG 82 Cole Perfetti
28%
MTL 75 David Savard
28%
NJD 69 Erik Haula
28%
VAN 56 Filip Chytil
28%
ANA 78 Frank Vatrano
28%
CBJ 82 Ivan Provorov
28%
ANA 75 Jackson LaCombe
28%
BUF 24 James Reimer
28%
NJD 55 Jonas Siegenthaler
28%
TOR 2 Matt Murray
28%
UTA 82 Nick Schmaltz
28%
WSH 9 Ryan Leonard
28%
PHI 47 Samuel Ersson
28%
COL 43 Valeri Nichushkin
28%
WSH 81 Andrew Mangiapane
27%
CHI 36 Arvid Soderblom
27%
MTL 82 Christian Dvorak
27%
OTT 43 David Perron
27%
DET 26 Elmer Soderblom
27%
TBL 76 Erik Cernak
27%
CGY 81 Joel Farabee
27%
UTA 51 Josh Doan
27%
COL 48 Josh Manson
27%
NSH 68 Luke Evangelista
27%
SEA 28 Mitchell Stephens
27%
FLA 76 Niko Mikkola
27%
WPG 82 Nino Niederreiter
27%
BUF 79 Ryan McLeod
27%
NYI 60 Adam Pelech
26%
BOS 81 Casey Mittelstadt
26%
MTL 11 Cayden Primeau
26%
SEA 78 Chandler Stephenson
26%
WPG 82 Dylan DeMelo
26%
FLA 80 Eetu Luostarinen
26%
CAR 80 Jackson Blake
26%
CBJ 69 James van Riemsdyk
26%
NSH 62 Justin Barron
26%
WSH 80 Lars Eller
26%
WPG 71 Mason Appleton
26%
STL 60 Mathieu Joseph
26%
TOR 37 Max Pacioretty
26%
WPG 74 Morgan Barron
26%
PHI 75 Owen Tippett
26%
PIT 47 Pierre-Olivier Joseph
26%
PHI 63 Rasmus Ristolainen
26%
CAR 70 Shayne Gostisbehere
26%
VGK 73 Zach Whitecloud
26%
WPG 82 Alex Iafallo
25%
LAK 77 Alex Laferriere
25%
DET 81 Ben Chiarot
25%
CGY 82 Blake Coleman
25%
TOR 19 Calle Jarnkrok
25%
DET 47 Cam Talbot
25%
UTA 22 Connor Ingram
25%
EDM 36 Derek Ryan
25%
WPG 71 Gabriel Vilardi
25%
VGK 70 Ivan Barbashev
25%
CAR 79 Jordan Martinook
25%
CGY 73 Kevin Bahl
25%
CHI 70 Lukas Reichel
25%
DAL 63 Matt Dumba
25%
STL 72 Nathan Walker
25%
VGK 82 Pavel Dorofeyev
25%
LAK 80 Phillip Danault
25%
CHI 80 Ryan Donato
25%
TBL 82 Ryan McDonagh
25%
CAR 80 Sean Walker
25%
WSH 80 Trevor van Riemsdyk
25%
LAK 82 Vladislav Gavrikov
25%
SEA 79 Andre Burakovsky
24%
DET 56 Andrew Copp
24%
VAN 57 Dakota Joshua
24%
DAL 80 Evgenii Dadonov
24%
DET 44 Jeff Petry
24%
EDM 11 John Klingberg
24%
VAN 78 Kiefer Sherwood
24%
BUF 62 Mattias Samuelsson
24%
NSH 76 Michael Bunting
24%
ANA 61 Olen Zellweger
24%
COL 61 Ross Colton
24%
DAL 79 Sam Steel
24%
TOR 78 Simon Benoit
24%
WSH 81 Anthony Beauvillier
23%
NJD 82 Brenden Dillon
23%
NJD 80 Brian Dumoulin
23%
NJD 65 Cody Glass
23%
BOS 21 Fraser Minten
23%
MIN 79 Gustav Nyquist
23%
COL 72 Jack Drury
23%
UTA 55 Matias Maccelli
23%
EDM 80 Mattias Janmark
23%
DET 77 Michael Rasmussen
23%
UTA 77 Olli Maatta
23%
OTT 78 Ridly Greig
23%
NYI 74 Ryan Pulock
23%
TOR 80 Scott Laughton
23%
FLA 24 Vitek Vanecek
23%
LAK 82 Warren Foegele
23%
NYI 64 Alexander Romanov
22%
NYR 80 Braden Schneider
22%
SEA 80 Eeli Tolvanen
22%
CAR 82 Eric Robinson
22%
SJS 8 Georgii Romanov
22%
BOS 60 Henri Jokiharju
22%
MIN 50 Jonas Brodin
22%
LAK 79 Jordan Spence
22%
DET 76 JT Compher
22%
STL 78 Justin Faulk
22%
NSH 34 Justus Annunen
22%
WPG 63 Logan Stanley
22%
UTA 82 Michael Kesselring
22%
FLA 80 Nate Schmidt
22%
CHI 68 Pat Maroon
22%
ANA 68 Pavel Mintyukov
22%
MIN 69 Ryan Hartman
22%
NYI 1 Samuel Bolduc
22%
LAK 67 Tanner Jeannot
22%
NJD 74 Tomas Tatar
22%
NYI 35 Tony DeAngelo
22%
PIT 7 Vasiliy Podkolzin
22%
EDM 82 Vasily Podkolzin
22%
NYR 82 Will Cuylle
22%
STL 72 Zack Bolduc
22%
NYI 35 Adam Boqvist
21%
FLA 81 AJ Greer
21%
SJS 75 Alexander Wennberg
21%
LAK 65 Alex Turcotte
21%
PHI 64 Cameron York
21%
CHI 68 Connor Murphy
21%
NJD 48 Curtis Lazar
21%
TBL 73 Darren Raddysh
21%
TOR 59 David Kampf
21%
LAK 34 David Rittich
21%
SEA 81 Jaden Schwartz
21%
STL 82 Jake Neighbours
21%
CAR 79 Jalen Chatfield
21%
BUF 70 Jason Zucker
21%
NYI 79 Jean-Gabriel Pageau
21%
FLA 78 Jesper Boqvist
21%
LAK 73 Joel Edmundson
21%
UTA 28 Liam O'Brien
21%
SJS 78 Mario Ferraro
21%
BOS 77 Mason Lohrei
21%
CGY 77 Matt Coronato
21%
CHI 51 Philipp Kurashev
21%
NJD 78 Stefan Noesen
21%
TOR 80 Steven Lorentz
21%
WSH 80 Taylor Raddysh
21%
TBL 82 Zemgus Girgensons
21%
STL 31 Alexandre Texier
20%
CHI 18 Artyom Levshunov
20%
SJS 77 Barclay Goodrow
20%
NYI 82 Casey Cizikas
20%
CBJ 66 Cole Sillinger
20%
DAL 63 Colin Blackwell
20%
NSH 72 Colton Sissons
20%
PIT 48 Connor Dewar
20%
CGY 54 Connor Zary
20%
CBJ 70 Damon Severson
20%
FLA 70 Dmitry Kulikov
20%
MTL 62 Emil Heineman
20%
CAR 81 Jack Roslovic
20%
CBJ 1 Jack Williams
20%
MTL 56 Jayden Struble
20%
UTA 35 John Marino
20%
BUF 34 Jordan Greenway
20%
NYI 82 Kyle Palmieri
20%
CBJ 82 Mathieu Olivier
20%
VAN 72 Nils Hoglander
20%
CBJ 1 Owen Sillinger
20%
BUF 81 Peyton Krebs
20%
PIT 61 Ryan Graves
20%
PIT 39 Ryan Shea
20%
DET 78 Simon Edvinsson
20%
NYR 50 Urho Vaakanainen
20%
WPG 78 Vladislav Namestnikov
20%
CGY 73 Yegor Sharangovich
20%
VAN 33 Aatu Raty
19%
VGK 82 Brayden McNabb
19%
CBJ 71 Dmitri Voronkov
19%
PHI 67 Garnet Hathaway
19%
CHI 59 Jason Dickinson
19%
CBJ 11 Jet Greaves
19%
COL 79 Joel Kiviranta
19%
CBJ 33 Jordan Harris
19%
DET 77 Marco Kasper
19%
BOS 33 Matthew Poitras
19%
DAL 73 Mavrik Bourque
19%
VGK 68 Nicolas Hague
19%
FLA 62 Nico Sturm
19%
ANA 44 Robby Fabbri
19%
LAK 60 Trevor Lewis
19%
VGK 56 Victor Olofsson
19%
SJS 51 Vincent Desharnais
19%
VGK 53 Alexander Holtz
18%
CGY 13 Anthony Mantha
18%
PHI 79 Bobby Brink
18%
NYR 75 Carson Soucy
18%
PIT 67 Conor Timmins
18%
CBJ 20 Daniil Tarasov
18%
NYR 5 Gabe Perreault
18%
SEA 82 Jamie Oleksiak
18%
TBL 54 JJ Moser
18%
STL 31 Joel Hofer
18%
CHI 72 Joseph Veleno
18%
COL 41 Keaton Middleton
18%
VGK 82 Keegan Kolesar
18%
PIT 64 Kevin Hayes
18%
UTA 81 Lawson Crouse
18%
COL 80 Parker Kelly
18%
BOS 54 Parker Wotherspoon
18%
STL 70 Radek Faksa
18%
CGY 80 Ryan Lomberg
18%
BUF 60 Sam Lafferty
18%
UTA 30 Sean Durzi
18%
CHI 44 Alec Martinez
17%
BUF 73 Connor Clifton
17%
CBJ 68 Dante Fabbro
17%
PIT 79 Danton Heinen
17%
WPG 60 Dylan Samberg
17%
UTA 82 Jack McBain
17%
FLA 31 Jesse Puljujarvi
17%
BOS 78 John Beecher
17%
FLA 72 Mackie Samoskevich
17%
WSH 81 Martin Fehervary
17%
CGY 81 Martin Pospisil
17%
EDM 2 | 4 Matthew Savoie
17%
MTL 25 Michael Pezzetta
17%
OTT 71 Nick Jensen
17%
PHI 31 Nicolas Deslauriers
17%
STL 67 Oskar Sundqvist
17%
TOR 68 Pontus Holmberg
17%
WSH 3 Sonny Milano
17%
SJS 68 Timothy Liljegren
17%
EDM 66 Troy Stecher
17%
MIN 81 Zach Bogosian
17%
CGY 1 Zayne Parekh
17%
BOS 76 Andrew Peeke
16%
WSH 82 Brandon Duhaime
16%
CBJ 46 Christian Fischer
16%
NJD 30 Daniel Sprong
16%
CBJ 16 Erik Gudbranson
16%
ANA 79 Isac Lundestrom
16%
COL 40 Ivan Ivan
16%
BUF 40 Jacob Bernard-Docker
16%
BUF 62 Jiri Kulich
16%
CHI 16 Kevin Korchinski
16%
MTL 7 Logan Mailloux
16%
DET 1 Mazur Carter
16%
SEA 77 Michael Eyssimont
16%
TBL 74 Nicklaus Perbix
16%
NJD 79 Paul Cotter
16%
NYI 62 Pierre Engvall
16%
PIT 8 Rutger McGroarty
16%
PHI 68 Ryan Poehling
16%
NYR 80 Sam Carrick
16%
NYI 75 Simon Holmstrom
16%
VGK 78 Tanner Pearson
16%
FLA 59 Tomas Nosek
16%
STL 38 Tyler Tucker
16%
MIN 75 Yakov Trenin
16%
CBJ 30 Yegor Chinakov
16%
UTA 81 Alexander Kerfoot
15%
PHI 15 Anthony Richard
15%
VGK 72 Brandon Saad
15%
WSH 27 Hendrix Lapierre
15%
DAL 80 Ilya Lyubushkin
15%
CHI 80 Ilya Mikheyev
15%
PHI 26 Ivan Fedotov
15%
MIN 76 Justin Brazeau
15%
CAR 60 Mark Jankowski
15%
NSH 74 Michael McCarron
15%
NJD 6 Nico Daws
15%
PIT 79 Noel Acciari
15%
NJD 7 Nolan Foote
15%
MTL 12 Owen Beck
15%
CHI 2 Ryan Greene
15%
CBJ 82 Sean Kuraly
15%
PIT 54 Thomas Novak
15%
EDM 76 Ty Emberson
15%
CGY 13 Tyson Barrie
15%
PHI 81 Tyson Foerster
15%
STL 79 Alexei Toropchenko
14%
DET 10 Austin Watson
14%
UTA 82 Barrett Hayton
14%
CBJ 1 Daemon Hunt
14%
MIN 12 David Jiricek
14%
VAN 54 Derek Forbort
14%
CGY 5 Dryden Hunt
14%
NSH 28 Jeremy Lauzon
14%
MIN 2 Jesper Wallstedt
14%
FLA 42 Jonah Gadjovich
14%
DET 75 Jonatan Berggren
14%
NYR 48 Juuso Parssinen
14%
FLA 2 Kaapo Kahkonen
14%
UTA 11 Kailer Yamamoto
14%
NYI 75 Maxim Tsyplakov
14%
WSH 81 Nic Dowd
14%
STL 31 Nick Leddy
14%
PHI 77 Nick Seeler
14%
OTT 41 Nikolas Matinpalo
14%
PHI 78 Noah Cates
14%
BOS 43 Oliver Wahlstrom
14%
PIT 60 Philip Tomasino
14%
NYI 66 Scott Mayfield
14%
NJD 14 Seamus Casey
14%
SJS 30 Shakir Mukhamadullin
14%
CHI 54 TJ Brodie
14%
SJS 68 Ty Dellandrea
14%
NYR 84 Will Borgen
14%
PHI 61 Yegor Zamula
14%
NYR 51 Adam Edstrom
13%
BUF 76 Beck Malenstyn
13%
VGK 80 Brett Howden
13%
ANA 26 Brock McGinn
13%
PHI 48 Jakob Pelletier
13%
BOS 56 Jakub Lauko
13%
TOR 2 Jani Hakanpaa
13%
STL 7 Jimmy Snuggerud
13%
UTA 43 Juuso Valimaki
13%
NJD 23 Kurtis MacDermid
13%
OTT 12 Leevi Merilainen
13%
DAL 38 Lian Bischel
13%
CBJ 75 Luke Kunin
13%
BOS 61 Mark Kastelic
13%
DAL 39 Nils Lundkvist
13%
LAK 1 Phoenix Copley
13%
CHI 9 Sam Rinzel
13%
VAN 82 Teddy Blueger
13%
OTT 59 Travis Hamonic
13%
CAR 39 Tyson Jost
13%
WPG 5 Brad Lambert
12%
BOS 73 Cole Koepke
12%
TOR 6 Dennis Hildeby
12%
TBL 60 Gage Goncalves
12%
BOS 15 Ian Mitchell
12%
WPG 3 Isaak Phillips
12%
NSH 37 Jakub Vrana
12%
COL 42 Jimmy Vesey
12%
NJD 81 Johnathan Kovacevic
12%
UTA 82 Kevin Stenlund
12%
MIN 24 Liam Ohgren
12%
OTT 72 Michael Amadio
12%
VAN 35 Noah Juulsen
12%
MTL 1 Rafael Harvey-Pinard
12%
WPG 59 Rasmus Kupari
12%
LAK 50 Samuel Helenius
12%
CAR 2 Skyler Brind'Amour
12%
OTT 81 Adam Gaudette
11%
DAL 5 Alexander Petrovic
11%
TOR 7 Alex Steeves
11%
VGK 11 Ben Hutton
11%
NYR 35 Brett Berard
11%
ANA 62 Brett Leason
11%
NYI 7 Calum Ritchie
11%
TBL 76 Emil Lilleberg
11%
BUF 28 Erik Brannstrom
11%
BOS 12 Fabian Lysell
11%
NYI 13 Grant Hutton
11%
BUF 48 Jacob Bryson
11%
CGY 53 Joel Hanley
11%
MIN 70 Jon Merrill
11%
CBJ 15 Luca Del Bel Belluz
11%
TBL 77 Luke Glendening
11%
PIT 82 Matt Grzelcyk
11%
NJD 59 Nathan Bastian
11%
SEA 63 Tye Kartye
11%
DET 55 Tyler Motte
11%
PIT 8 Ville Koivunen
11%
WSH 8 Alexander Alexeyev
10%
MTL 2 Alex Barre-Boulet
10%
CHI 8 Andreas Athanasiou
10%
NYR 14 Arthur Kaliyev
10%
SEA 8 Ben Meyers
10%
NYR 22 Brennan Othmann
10%
TBL 39 Cam Atkinson
10%
TBL 5 Conor Sheary
10%
CBJ 44 Denton Mateychuk
10%
NYI 33 Isaiah George
10%
BUF 8 Isak Rosen
10%
SEA 12 Jani Nyman
10%
ANA 62 Jansen Harkins
10%
BOS 75 Marat Khusnutdinov
10%
UTA 66 Nick Bjugstad
10%
NSH 60 Nick Blankenburg
10%
PHI 7 Nikita Grebenkin
10%
COL 76 Sam Malinski
10%
LAK 1 Taylor Ward
10%
EDM 19 Travis Dermott
10%
ANA 6 Tristan Luneau
10%
FLA 76 Uvis Balinskis
10%
VAN 31 Victor Mancini
10%
WPG 18 Ville Heinola
10%
CGY 28 Adam Klapka
9%
VAN 13 Arshdeep Bains
9%
PIT 59 Blake Lizotte
9%
PIT 16 Bokondji Imama
9%
SJS 33 Collin Graf
9%
NJD 39 Dennis Cholowski
9%
OTT 29 Dennis Gilbert
9%
MIN 55 Devin Shore
9%
NSH 52 Fyodor Svechkov
9%
NYI 40 Hudson Fasching
9%
PIT 15 Joel Blomqvist
9%
VAN 24 Jonathan Lekkerimaki
9%
SEA 64 Josh Mahura
9%
CBJ 61 Justin Danforth
9%
NYI 81 Kyle MacLean
9%
TOR 7 Matt Benning
9%
PIT 32 Matt Nieto
9%
UTA 53 Michael Carcone
9%
SJS 52 Noah Gregor
9%
ANA 19 Oliver Kylington
9%
CAR 47 Pyotr Kotchetkov
9%
PIT 7 Samuel Poulin
9%
CAR 14 Scott Morrow
9%
DET 1 Sebastian Cossa
9%
OTT 79 Tyler Kleven
9%
CHI 57 Wyatt Kaiser
9%
SJS 56 Zack Ostapchuk
9%
CAR 2 Bradly Nadeau
8%
CGY 76 Brayden Pachal
8%
SJS 56 Carl Grundstrom
8%
PIT 14 Emil Bemstrom
8%
WSH 24 Ethen Frank
8%
NYR 51 Jonny Brodzinski
8%
TBL 66 Mitchell Chaffee
8%
VAN 19 Nils Aman
8%
EDM 15 Noah Philp
8%
WPG 3 Parker Ford
8%
VAN 20 Phillip Di Giuseppe
8%
VGK 9 Raphael Lavoie
8%
PIT 13 Valtteri Puustinen
8%
DET 7 William Lagesson
8%
NSH 35 Andreas Englund
7%
WSH 1 Clay Stevenson
7%
TOR 3 Dakota Mermis
7%
CGY 44 Daniil Miromanov
7%
ANA 56 Drew Helleson
7%
CBJ 68 Jake Christiansen
7%
SJS 54 Jan Rutta
7%
WPG 7 Jaret Anderson-Dolan
7%
NSH 2 Joakim Kemell
7%
NSH 37 Jordan Oesterle
7%
CGY 21 Justin Kirkland
7%
FLA 1 Justin Sourdif
7%
VGK 40 Kaedan Korczak
7%
SJS 35 Klim Kostin
7%
CHI 32 Louis Crevier
7%
CHI 43 Nolan Allan
7%
PIT 25 Owen Pickering
7%
FLA 6 Rasmus Asplund
7%
ANA 32 Sam Colangelo
7%
NYI 35 Scott Perunovich
7%
MIN 3 Travis Boyd
7%
MIN 38 Vinnie Hinostroza
7%
OTT 21 Zack MacEwen
7%
STL 2 Dalibor Dvorsky
6%
MIN 66 Declan Chisholm
6%
CAR 6 Dustin Tokarski
6%
PIT 11 Joona Koppanen
6%
CAR 18 Juha Jaaska
6%
CBJ 34 Kevin Labanc
6%
NSH 19 Kieffer Bellows
6%
MTL 7 Lucas Condotta
6%
OTT 2 Mads Sogaard
6%
NYI 15 Marcus Hogberg
6%
OTT 41 Matthew Highmore
6%
VAN 29 Max Sasson
6%
BUF 8 Noah Ostlund
6%
PHI 22 Rodrigo Abols
6%
CGY 5 Samuel Honzek
6%
BOS 26 Vinni Lettieri
6%
NSH 23 Adam Wilsby
5%
PHI 17 Alexei Kolosov
5%
OTT 8 Angus Crookshank
5%
DAL 5 Arttu Hyry
5%
NYR 9 Brendan Brisson
5%
NJD 2 Brian Halonen
5%
EDM 4 Cam Dineen
5%
NYR 5 Chad Ruhwedel
5%
COL 2 Chase Bradley
5%
CGY 6 Clark Bishop
5%
WPG 5 Dominic Toninato
5%
OTT 2 Donovan Sebrango
5%
WPG 6 Dylan Coghlan
5%
TBL 2 Dylan Duke
5%
SJS 58 Henry Thrun
5%
PIT 19 Jack St. Ivany
5%
COL 2 Jason Polin
5%
BOS 5 Jeffrey Viel
5%
SEA 20 John Hayden
5%
LAK 33 Kyle Burroughs
5%
CHI 33 Landon Slaggert
5%
NYR 1 Louis Domingue
5%
NYI 39 Marc Gatcomb
5%
UTA 15 Maveric Lamoureux
5%
WPG 4 Nikita Chibrikov
5%
ANA 20 Nikita Nesterenko
5%
SEA 1 Niklas Kokko
5%
COL 2 Oskar Olausson
5%
NSH 5 Ozzy Wiesblatt
5%
BOS 6 Riley Tufte
5%
SEA 12 Ryan Winterton
5%
SJS 1 Scott Sabourin
5%
NSH 23 Spencer Stastney
5%
SJS 1 Thomas Bordeleau
5%
FLA 14 Tobias Bjornfot
5%
VAN 2 Ty Mueller
5%
PIT 35 Vladislav Kolyachonok
5%
NSH 62 Zachary L'Heureux
5%
COL 28 Chris Wagner
4%
VGK 42 Cole Schwindt
4%
CHI 24 Ethan Del Mastro
4%
OTT 2 Hayden Hodgson
4%
WSH 1 Hunter Shepard
4%
CGY 5 Ilya Solovyov
4%
WSH 18 Ivan Miroshnichenko
4%
LAK 49 Jacob Moverare
4%
TOR 1 Jacob Quillan
4%
FLA 8 Jaycob Megna
4%
LAK 12 Jeff Malott
4%
PHI 4 Jett Luchanko
4%
BUF 2 Joshua Dunne
4%
NJD 52 Justin Dowling
4%
DAL 1 Kyle Capobianco
4%
NSH 5 Mark Friedman
4%
CBJ 47 Mikael Pyyhtia
4%
UTA 20 Nick DeSimone
4%
VAN 2 Nikita Tolopilo
4%
SJS 57 Nikolai Kovalenko
4%
UTA 17 Robert Bortuzzo
4%
CGY 1 Sam Morton
4%
BUF 21 Tyson Kozak
4%
VGK 7 Cal Burke
3%
STL 4 Corey Schueneman
3%
TBL 3 Declan Carlile
3%
DET 9 Dominik Shine
3%
EDM 7 Drake Caggiula
3%
CHI 2 Drew Commesso
3%
WSH 17 Dylan McIlrath
3%
PHI 6 Helge Grans
3%
COL 2 Jack Ahcan
3%
TBL 1 Jack Finley
3%
PHI 4 Jacob Gaucher
3%
OTT 2 Jan Jenik
3%
COL 17 Jere Innala
3%
DAL 5 Justin Hryckowian
3%
CGY 70 Kevin Rooney
3%
NYI 2 Liam Foudy
3%
TBL 5 Maxwell Crozier
3%
COL 10 Nikita Prishchepov
3%
BOS 2 Riley Duran
3%
CAR 5 Riley Stillman
3%
VGK 2 Robert Hagg
3%
NJD 4 Shane Bowers
3%
ANA 2 Tim Washe
3%
COL 2 Trent Miner
3%
SEA 1 Ales Stezka
2%
CGY 1 Aydar Suniev
2%
TBL 1 Brandon Halverson
2%
MIN 12 Brendan Gaunce
2%
BOS 1 Daniil Misyul
2%
SJS 12 Danil Gushchin
2%
PHI 1 Devin Kaplan
2%
CAR 2 Domenick Fensore
2%
PHI 42 Emil Andrei
2%
LAK 1 Erik Portillo
2%
SJS 6 Ethan Cardwell
2%
BOS 1 Frederic Brunet
2%
BOS 6 Georgii Merkulov
2%
VAN 3 Guillaume Brisebois
2%
SEA 1 Jacob Melanson
2%
NYI 2 Jakub Skarek
2%
CBJ 2 James Malatesta
2%
UTA 6 Jaxson Stauber
2%
CBJ 6 Joe Labate
2%
BOS 1 John Farinacci
2%
COL 8 John Ludvig
2%
CAR 2 Justin Robidas
2%
PHI 5 Karsen Dorwart
2%
VAN 2 Kirill Kudryavtsev
2%
SJS 6 Luca Cagnoni
2%
MIN 1 Michael Milne
2%
NJD 2 Mike Hardman
2%
SJS 17 Patrick Giles
2%
CGY 5 Rory Kerins
2%
VGK 8 Tanner Laczynski
2%
COL 8 TJ Tynan
2%
COL 5 Tye Felhaber
2%
SJS 24 Walker Duehr
2%
PHI 1 Adam Ginning
1%
SJS 3 Andrew Poturalski
1%
NYR 2 Connor Mackey
1%
CGY 1 Hunter Brzustewicz
1%
NSH 3 Jake Lucchini
1%
SJS 8 Jimmy Schuldt
1%
NSH 6 Kevin Gravel
1%
VGK 1 Mason Morelli
1%
COL 8 Matthew Stienburg
1%
FLA 2 Matt Kiersted
1%
UTA 1 Matt Villalta
1%
WSH 3 Michael Sgarbossa
1%
PIT 1 Nathan Clurman
1%
NJD 3 Nathan Legare
1%
NSH 1 Ryan Ufko
1%
TBL 1 Steven Santini
1%
NYI 1 Tristan Lennox
1%
SEA 1 Ville Ottavainen
1%
COL 2 Wyatt Aamodt
1%
CAR 1 Yaniv Perets
1%
MIN 67 Jacob Middleon
0%
SEA 1 Victor Ostman
0%
No matching quizzes found
Score Distribution
Percent of People with Each Score
Percentile by Number Answered
Your Score History
You have not taken this quiz since the last reset